📖 150 derniers mots "La Femme Squelette" Clarissa Pinkola EstĂ©s - Statistiques

Statistiques générales
  • Ce quiz a Ă©tĂ© pris 23 fois
  • Le rĂ©sultat moyen est 81 sur 150
Statistiques - réponses
Mots % Correct
a
100%
Ă 
100%
au
100%
Elle
100%
elle
100%
et
100%
Et
100%
l'
100%
la
100%
le
100%
n'
100%
s'
100%
d'
93%
de
93%
en
93%
qu'
93%
qui
93%
un
93%
c'
87%
des
87%
est
87%
femme
87%
se
87%
une
87%
ce
80%
homme
80%
ils
80%
ils,
80%
les
80%
Les
80%
... pour
80%
pour
80%
ses
80%
avait
73%
par
73%
son
73%
autre
67%
avec
67%
eau.
67%
lui
67%
tout
67%
Cette
60%
dans
60%
ont
60%
quand
53%
sous
53%
gens
40%
nuit
40%
rien
40%
alla
33%
contre
33%
mer
33%
besoin.
27%
corps
27%
dont
27%
peau
27%
peau.
27%
bonne
20%
disent-
20%
fut
20%
mains
20%
cƓur,
13%
entre
13%
furent
13%
histoire
13%
seins
13%
ainsi
7%
ajouter.
7%
aprĂšs
7%
assez
7%
causé
7%
chanta
7%
chaud,
7%
créatures
7%
durant
7%
façon
7%
façon.
7%
fente
7%
jambes,
7%
lit,
7%
pĂȘcheur
7%
tenir
7%
vraie,
7%
connues,
0%
départ,
0%
différente,
0%
durable
0%
emmĂȘlĂ©s
0%
endormi
0%
glissa
0%
largement
0%
longs,
0%
magnifique,
0%
maintenant,
0%
malheur,
0%
nourris
0%
ĂŽter
0%
oublié
0%
passée,
0%
potelées
0%
profonds
0%
racontent
0%
rendit
0%
réveillÚrent
0%
séjour
0%
tambour
0%
terminé,
0%
vĂȘtements
0%
Aucun quiz correspondant
Distribution des résultats
% des personnes avec chaque résultat
Percentile par nombre de réponses
Votre historique - résultats
Vous n’avez pas pris ce quiz